000 00291nam a22001337a 4500
008 171009b xxu||||| |||| 00| 0 eng d
020 _a9780679777533
041 _aeng
080 _a159.9
100 _a49
101 _aPSI
245 _aIMAGINING CHARACTERS
_cBYATT,A.S
942 _2udc
_cBK
999 _c32540
_d32540